000 00295nam a2200109Ia 4500
008 200302s9999 xx 000 0 und d
100 _aStanley Abercrobie & Other
245 _aHospitality & Restaurant Design
260 _bVisual Reference Publication, Inc.,
260 _c1999
300 _a206 P.,
999 _c1602
_d1602